| 000 | 00561nam a2200193 a 4500 | ||
|---|---|---|---|
| 001 | 12565 | ||
| 003 | CO-ViMGA | ||
| 008 | 141112s2004 ck r 000 u spa d | ||
| 040 |
_aCO-ViMGA _bspa _cCO-ViMGA |
||
| 082 | 0 | 4 | _a262.4 O73a |
| 100 | 1 |
_aOrduz, Leon Julio Cesar _918126 |
|
| 245 | 1 | 0 | _aLa Arquidiócesis de Santa Fe de Bogotá en la Conquista y la colonia |
| 260 |
_aBogotá : _bCelam, _c1987 |
||
| 300 | _a111p. | ||
| 650 | 1 | 4 | _aBogotá - COLOMBIA |
| 650 | 1 | 4 |
_aCABILDOS - ECLESIASTICOS _918127 |
| 650 | 1 | 4 |
_aDIOCESIS - HISTORIA _918128 |
| 942 |
_2ddc _cBK |
||
| 999 |
_c23560 _d23560 |
||